| 000 | 00000nam##2200000za#4500 |
| 001 | 9.578476 |
| 003 | CaOODSP |
| 005 | 20210624190115 |
| 007 | cr ||||||||||| |
| 008 | 150406|1987||||xxc|||||o f|0| 0 eng|d |
| 022 | |a1488-5379 |
| 040 | |aCaOODSP|beng |
| 043 | |an-cn--- |
| 086 | 1 |aFs97-6/1543E-PDF |
| 110 | 1 |aCanada. |bDepartment of Fisheries and Oceans. |
| 245 | 10|aNative harvest of wildlife in the Keewatin Region, Northwest Territories for the period October 1983 to September 1984 / |h[electronic resource]|cby R.L. Gamble. |
| 260 | |aWinnipeg - Manitoba : |bFisheries and Oceans Canada |c1987. |
| 300 | |a88p.|bfigs., references, tables |
| 490 | 1 |aCanadian technical report of fisheries and aquatic sciences|x1488-5379|vNo. 1543 |
| 500 | |aOn t.p.: Central and Arctic Region, Winnipeg, Manitoba. The catalogue number and ISSN for the print edition appear in the PDF version. |
| 546 | |a(Résumé en français) |
| 590 | |a14-02-Supp|b2014-01-08 |
| 720 | 1 |aGambles, R. L. |
| 830 | #0|aCanadian technical report of fisheries and aquatic sciences,|x1488-5379|vNo. 1543|w(CaOODSP)9.504449 |
| 856 | 40|ahttp://publications.gc.ca|qPDF|s2634 KB|uhttps://publications.gc.ca/collections/collection_2014/mpo-dfo/Fs97-6-1543-eng.pdf|yNo. 1543 |